00980cam a2200241 a 4500001001000000003000400010005001700014008004100031040002500072082001500097110005500112245007200167260008200239300002800321590002800349650002000377650002100397910002800418942001300446952014300459952011900602999001700721000011904OSt20200930105320.0800910s1977 gt a 000 0 spa  aDO-SdBNPbspacBNPHU a411bG918a1 aGuatemala.bInstituto Indigenista Nacional.92815410aAlfabeto de las lenguas mayances /cInstituto Indigenista Nacional. aGuatemala :bUniversitaria ;bUniversidad de San Carlos de Guatemala,cc1977. a125 p. :bil. ;c19 cm. aInventariado, 2020 / DG 4aAlfabeto928155 4aEscritura928156 aInventariado, 2020 / DG 2ddccLF1 00102ddc52708MOaGRbGRcCTd2009-10-29eSecretarìa de Relaciones ExterioresiLF1l0o411 G918ap11904-10r2020-06-25w2020-06-25y2 001150718MOaPDbPDcMId2017-04-17iLF1l0o411 G918ap11904-20r2020-06-25te. 2w2020-06-25y1ZNo se presta c11574d11574